000 00675nam a22002057a 4500
003 LK-CoMWRAF
005 20231206103115.0
008 230915b2018 |||||||| |||| 00| 0 eng d
020 _a9789555802192
040 _aLK-CoMWRAF
_dLK-CoMWRAF
_eLK-CoMWRAF
041 _aeng
082 _a338.954
_bBAS
100 _aBastian, Sunil
245 _aSustaining a state in conflict:
_bpolitics of foreign aid in Sri Lanka
260 _aColombo:
_bInternational Centre for Ethnic Studies,
_c2018
300 _axxxiv, 214 p. : ill., colour maps ; 26 cm
_bBibliography included
650 _aECONOMIC ASSISTANCE-Sri Lanka
650 _aPolitics and government.-Sri Lanka
942 _cBK
999 _c3569
_d3569